|
|
|
|
| LEADER |
00000nab a2200000 a 4500 |
| 001 |
vtls000907997 |
| 003 |
SK-MaSNL |
| 005 |
20260303205242.0 |
| 008 |
040720e20011126xo 0 slo |
| 035 |
|
|
|a KE16932
|
| 040 |
|
|
|a KEVKJB
|b slo
|c KEVKJB
|e AACR2
|
| 041 |
0 |
|
|a slo
|
| 044 |
|
|
|a xo
|c SK
|
| 080 |
|
|
|a 373.54
|2 1981
|
| 100 |
1 |
|
|a Dzurdženík, Ján
|4 aut
|9 442316
|
| 245 |
1 |
0 |
|a Sekcia oslavuje narodeniny
|b Desať rokov uplynulo od okamihu, keď sa v Košiciach prírodovedecké predmety začali učiť aj po francúzsky
|
| 610 |
2 |
7 |
|a Gymnázium M. R. Štefánika (Košice, Slovensko)
|2 KEVKJB
|9 1239741
|
| 610 |
2 |
7 |
|a Gymnázium, nám. L. Novomeského (Košice, Slovensko)
|2 KEVKJB
|9 31872
|
| 650 |
0 |
7 |
|a francúzska bilingválna sekcia
|2 KEVKJB
|9 1239758
|
| 650 |
0 |
7 |
|a výročie založenia 10.
|2 KEVKJB
|9 873840
|
| 650 |
0 |
7 |
|a vznik
|2 KEVKJB
|9 315833
|
| 650 |
0 |
7 |
|a oslavy
|2 KEVKJB
|9 484766
|
| 651 |
|
7 |
|a Košice (Slovensko)
|2 KEVKJB
|9 18694
|
| 651 |
|
7 |
|a KE,
|2 KEVKJB
|9 877256
|
| 655 |
|
7 |
|a periodikum
|2 snkbucl
|9 29553
|
| 710 |
2 |
|
|a Gymnázium M.R. Štefánika (Košice, Slovensko)
|4 aut
|9 1239744
|
| 773 |
0 |
8 |
|t Košický denník Korzár
|g Roč. 4, č.271, 26.11.2001, s. 11
|x 1335-4566
|
| 852 |
|
|
|a ZVYKNI
|b KIS3GCP
|
| 999 |
|
|
|c 2194313
|d 2196243
|